Đánh giá tác động của các dự án phát triển tới đói nghèo ( Sổ tay dành cho cán bộ thực hành )
Guardat en:
| Autor principal: | |
|---|---|
| Format: | Llibre |
| Idioma: | Undetermined |
| Publicat: |
H.
VHTT
2002
|
| Matèries: | |
| Etiquetes: |
Afegir etiqueta
Sense etiquetes, Sigues el primer a etiquetar aquest registre!
|
| Thư viện lưu trữ: | Trung tâm Học liệu Trường Đại học Cần Thơ |
|---|
| LEADER | 00602nam a2200181Ia 4500 | ||
|---|---|---|---|
| 001 | CTU_54140 | ||
| 008 | 210402s9999 xx 000 0 und d | ||
| 020 | |b 60000 | ||
| 082 | |a 362.58 | ||
| 082 | |b B167 | ||
| 100 | |a Judy L. Baker | ||
| 245 | 0 | |a Đánh giá tác động của các dự án phát triển tới đói nghèo ( Sổ tay dành cho cán bộ thực hành ) | |
| 245 | 0 | |c Judy L. Baker; Vũ Hoàng Linh dịch | |
| 260 | |a H. | ||
| 260 | |b VHTT | ||
| 260 | |c 2002 | ||
| 650 | |a poverty,social problems | ||
| 980 | |a Trung tâm Học liệu Trường Đại học Cần Thơ | ||